Klimatizácia výstavných priestorov galérie

Salvato in:
Dettagli Bibliografici
Autore principale: Keleši, Richard (Autore)
Altri autori: Hurtíková, Daniela (Relatore della tesi)
Natura: Manoscritto Libro
Lingua:slovacco
Pubblicazione: 2017
Soggetti:
Accesso online:http://is.stuba.sk/zp/portal_zp.pl?podrobnosti=125408
https://opac.crzp.sk/?fn=detailBiblioForm&sid=CBCDB6E5622FB9C0D05E4128BE80
Tags: Aggiungi Tag
Nessun Tag, puoi essere il primo ad aggiungerne!!

MARC

LEADER 00000ntm a22000003a 4500
001 stuzp62427
003 SK-STU
005 20230811164335.7
007 ta
008 150427s2015----xo-----f-mn---000-0-slo-d
040 |a STU  |b slo 
041 0 |a slo 
100 1 |a Keleši, Richard  |u 010290  |4 aut  |U SvF Stavebná fakulta  |T SvF Katedra technických zariadení budov  |X 62286  |U V290  |Y 31  |7 62286 
242 0 1 |a Air conditioning of the exhibition gallery  |y eng 
245 1 0 |a Klimatizácia výstavných priestorov galérie 
260 |c 2017 
650 4 |a klimatizácia  |2 slo 
650 4 |a vetranie  |2 slo 
650 4 |a galéria  |2 slo 
650 4 |a air condition  |2 eng 
650 4 |a gallery  |2 eng 
650 4 |a ventilation  |2 eng 
700 1 |a Hurtíková, Daniela  |u 010290  |k Z8  |4 ths  |U SvF Stavebná fakulta  |T SvF Katedra technických zariadení budov  |X 23437  |U V290  |Y 31  |7 A000023437 
856 4 |u http://is.stuba.sk/zp/portal_zp.pl?podrobnosti=125408 
856 4 |u https://opac.crzp.sk/?fn=detailBiblioForm&sid=CBCDB6E5622FB9C0D05E4128BE80